Sectas en preguntas y respuestas
Kaydedildi:
| Yazar: | |
|---|---|
| Materyal Türü: | Kitap |
| Dil: | İspanyolca |
| Baskı/Yayın Bilgisi: |
Buenos Aires
Bonum
1992
|
| Edisyon: | 3a. ed |
| Seri Bilgileri: | Colección La Llave Escondida, 5
|
| Konular: | |
| Etiketler: |
Etiketle
Etiket eklenmemiş, İlk siz ekleyin!
|
MARC
| LEADER | 00000nam a2200000 a 4500 | ||
|---|---|---|---|
| 001 | UCK0311 | ||
| 003 | CL-VaPUC | ||
| 008 | 041001e19920900AG |||||||||||||||||spa|d | ||
| 020 | |a 9505073496 | ||
| 082 | 0 | 4 | |a 291.9 |b BAA |2 21 |
| 100 | 0 | |a Baamonde, José María |e author |9 488216 | |
| 245 | 1 | 0 | |a Sectas en preguntas y respuestas |
| 250 | |a 3a. ed | ||
| 300 | |a 107 p | ||
| 942 | |c BK | ||
| 945 | |d 20041001 00:00:00 |a vberengu | ||
| 260 | |a Buenos Aires |b Bonum |c 1992 | ||
| 650 | 0 | |a Sectas |9 320072 | |
| 650 | 0 | |a Creencias religiosas |9 373391 | |
| 583 | |a last modification |c 20041001 00:00:00 |k Rodrigo Vera | ||
| 490 | 0 | |a Colección La Llave Escondida, 5 | |
| 999 | |c 310780 |d 310778 | ||
| 952 | |0 0 |1 0 |4 0 |6 291_900000000000000_BAA_1992 |7 0 |8 A |9 379773 |a BIBTEO |b BIBTEO |d 2019-11-21 |i 4064755 |o 291.9 BAA 1992 |p 4064755 |r 2024-01-18 |w 2019-11-21 |y BK |k ICR | ||